[Event "WCh U20 Girls"]
[Site "Pune"]
[Date "2014.10.17"]
[Round "11"]
[White "Imeeva, Aysa"]
[Black "Tarini, Goyal"]
[Result "1/2-1/2"]
[WhiteElo "2077"]
[BlackElo "1868"]
[PlyCount "101"]
[EventDate "2014.10.06"]
[EventType "swiss"]
[EventRounds "13"]
[EventCountry "IND"]

1. e4 c5 2. Nf3 Nc6 3. d4 cxd4 4. Nxd4 g6 5. Nc3 Bg7 6. Be3 Nf6 7. Be2 O-O 8.
Nb3 d6 9. O-O Be6 10. f4 Na5 11. f5 Bc4 12. fxg6 hxg6 13. Nxa5 Bxe2 14. Qxe2
Qxa5 15. Bd4 Qb4 16. Rad1 e5 17. a3 Qa5 18. Be3 Ne8 19. Nd5 Qd8 20. c4 b6 21.
b4 Rc8 22. c5 bxc5 23. bxc5 dxc5 24. Nf6+ Nxf6 25. Rxd8 Rfxd8 26. Bg5 Rd6 27.
Qb2 Rb6 28. Qd2 c4 29. Bxf6 Rxf6 30. Rxf6 Bxf6 31. Qd7 Rb8 32. Qc6 Be7 33. Qxc4
Bxa3 34. Qc3 Bb2 35. Qg3 Bd4+ 36. Kf1 Rb2 37. h4 Rf2+ 38. Ke1 Rf4 39. Kd2 Rxe4
40. h5 Kg7 41. hxg6 fxg6 42. Qh3 Rf4 43. g4 e4 44. g5 Rf5 45. Qh4 Be5 46. Qh6+
Kf7 47. Ke3 Bf4+ 48. Kxe4 Bxg5 49. Qh7+ Kf6 50. Qh8+ Kf7 51. Qh7+ 1/2-1/2

[Event "WCh U20 Girls"]
[Site "Pune"]
[Date "2014.10.17"]
[Round "11"]
[White "Zarkovic, Mila"]
[Black "Harshita, Guddanti"]
[Result "0-1"]
[WhiteElo "2136"]
[BlackElo "1925"]
[PlyCount "90"]
[EventDate "2014.10.06"]
[EventType "swiss"]
[EventRounds "13"]
[EventCountry "IND"]

1. e4 c5 2. Nf3 d6 3. d4 cxd4 4. Nxd4 Nf6 5. Nc3 a6 6. Bc4 e6 7. Bb3 b5 8. O-O
Be7 9. Qf3 Qc7 10. Qg3 Nc6 11. Nxc6 Qxc6 12. f3 O-O 13. Kh1 Kh8 14. Bg5 Qc5 15.
f4 Bb7 16. Rae1 b4 17. Na4 Qc6 18. Qh4 Bd8 19. Bxf6 Bxf6 20. Qg4 g6 21. Rf2 Qb5
22. Rfe2 Bg7 23. Re3 Bc6 24. c3 a5 25. Qh4 Qb7 26. R1e2 Rfe8 27. Qf2 Rab8 28.
Bd1 Qd7 29. b3 bxc3 30. Nxc3 Bd4 31. Qh4 Bxe3 32. Rxe3 Qe7 33. Qe1 Kg8 34. Ne2
Qf6 35. e5 dxe5 36. fxe5 Qg5 37. Ng3 Red8 38. Bc2 Rbc8 39. Bd3 Qf4 40. h3 Rd7
41. Nf1 Rcd8 42. Bc2 Rd5 43. Re4 Qg5 44. h4 Qe7 45. h5 Rd4 0-1

[Event "WCh U20 Girls"]
[Site "Pune"]
[Date "2014.10.17"]
[Round "11"]
[White "Azimova, Karina"]
[Black "Munoz, Claudia"]
[Result "1/2-1/2"]
[WhiteElo "2063"]
[BlackElo "1906"]
[PlyCount "78"]
[EventDate "2014.10.06"]
[EventType "swiss"]
[EventRounds "13"]
[EventCountry "IND"]

1. e4 e6 2. d3 d5 3. Nd2 Nf6 4. Ngf3 Be7 5. g3 dxe4 6. dxe4 b6 7. e5 Nfd7 8.
Bg2 Ba6 9. c4 O-O 10. O-O Bb7 11. Qe2 Nc6 12. Rd1 Qc8 13. Nf1 Rd8 14. Bf4 Nc5
15. h4 Rxd1 16. Rxd1 Qf8 17. N1h2 Rd8 18. Ng5 h6 19. Ne4 Nd4 20. Rxd4 Rxd4 21.
Nxc5 Bxg2 22. Nb3 Rxf4 23. Kxg2 Rf5 24. Nd4 Bc5 25. Nxf5 exf5 26. Nf3 Qe7 27.
Qd3 Qe6 28. b3 Qc8 29. a4 a5 30. Qd5 f4 31. Qe4 fxg3 32. fxg3 Qd7 33. Qd5 Qf5
34. Qd8+ Kh7 35. Qxc7 Qc2+ 36. Kh3 Qf5+ 37. Kg2 Qc2+ 38. Kh3 Qf5+ 39. Kg2 Qc2+
1/2-1/2

[Event "WCh U20 Girls"]
[Site "Pune"]
[Date "2014.10.17"]
[Round "11"]
[White "Ichimura G. Barbosa, Larissa Y"]
[Black "Bakshi, Rutuja"]
[Result "0-1"]
[WhiteElo "1958"]
[BlackElo "1959"]
[PlyCount "131"]
[EventDate "2014.10.06"]
[EventType "swiss"]
[EventRounds "13"]
[EventCountry "IND"]

1. e4 d6 2. Nc3 Nf6 3. Bc4 g6 4. f4 Bg7 5. Nf3 O-O 6. Bb3 c5 7. d3 Nc6 8. O-O
a6 9. a4 Bg4 10. Be3 Qb6 11. h3 Bxf3 12. Qxf3 Na5 13. e5 Nxb3 14. cxb3 dxe5 15.
fxe5 Nd7 16. Qd5 Rad8 17. a5 Qc6 18. Qxc6 bxc6 19. Na4 Bxe5 20. Rac1 Rb8 21.
Nxc5 Nxc5 22. Rxc5 Bxb2 23. Rxc6 Rxb3 24. Rxa6 Rxd3 25. Bc5 Ba3 26. Bxa3 Rxa3
27. Ra7 e5 28. Rf6 e4 29. a6 Kg7 30. Re6 e3 31. Rae7 Ra8 32. Rxe3 Rxe3 33. Rxe3
Rxa6 34. Kf2 Rf6+ 35. Kg3 Rf1 36. Re7 h6 37. Ra7 Rb1 38. Rc7 Rb3+ 39. Kf2 g5
40. Ra7 Rb6 41. Kg3 Kg6 42. Ra3 f5 43. Rc3 Kh5 44. Ra3 f4+ 45. Kf3 Kh4 46. Rc3
Re6 47. Kf2 Ra6 48. Kf3 h5 49. Rc4 Ra2 50. Rc8 g4+ 51. Kxf4 Rf2+ 52. Ke3 Rxg2
53. hxg4 hxg4 54. Rh8+ Kg3 55. Rg8 Ra2 56. Rg7 Ra8 57. Ke2 Rf8 58. Ke1 Kh3 59.
Rh7+ Kg2 60. Rg7 Re8+ 61. Kd2 g3 62. Rg6 Kh2 63. Rh6+ Kg1 64. Rg6 g2 65. Kd3
Rh8 66. Kd4 0-1

[Event "WCh U20 Girls"]
[Site "Pune"]
[Date "2014.10.17"]
[Round "11"]
[White "Fransson, Angelina"]
[Black "Bengtsson, Jessica"]
[Result "1/2-1/2"]
[WhiteElo "2019"]
[BlackElo "1943"]
[PlyCount "61"]
[EventDate "2014.10.06"]
[EventType "swiss"]
[EventRounds "13"]
[EventCountry "IND"]

1. e4 c5 2. c3 Nf6 3. e5 Nd5 4. d4 cxd4 5. Nf3 e6 6. cxd4 d6 7. Bc4 Nc6 8. O-O
Be7 9. Qe2 O-O 10. Nc3 Nxc3 11. bxc3 dxe5 12. dxe5 Qa5 13. Qe4 Qa4 14. Bg5 h6
15. Bxe7 Nxe7 16. Rab1 Rb8 17. Rfd1 b5 18. Bd3 Qxe4 19. Bxe4 Bb7 20. Bxb7 Rxb7
21. c4 Rfb8 22. cxb5 Rxb5 23. Rxb5 Rxb5 24. Rd8+ Kh7 25. g3 Ng6 26. Rd7 a6 27.
Rxf7 Nxe5 28. Nxe5 Rxe5 29. Rf3 Kg6 30. Kg2 Ra5 31. a3 1/2-1/2

[Event "WCh U20 Girls"]
[Site "Pune"]
[Date "2014.10.17"]
[Round "11"]
[White "Turkova, Karolina"]
[Black "Vantika, Agrawal"]
[Result "0-1"]
[WhiteElo "2033"]
[BlackElo "1881"]
[PlyCount "78"]
[EventDate "2014.10.06"]
[EventType "swiss"]
[EventRounds "13"]
[EventCountry "IND"]

1. e4 c5 2. Nf3 Nc6 3. d4 cxd4 4. Nxd4 Nf6 5. Nc3 e5 6. Ndb5 d6 7. Bg5 a6 8.
Na3 b5 9. Nd5 Be7 10. Bxf6 Bxf6 11. c4 b4 12. Nc2 O-O 13. g3 Bg5 14. h4 Bh6 15.
Bh3 Be6 16. Qh5 Qa5 17. b3 Bxd5 18. cxd5 Qc5 19. Qd1 Qc3+ 20. Ke2 Qxc2+ 21.
Qxc2 Nd4+ 22. Kd3 Nxc2 23. Kxc2 Ra7 24. Rhe1 Rc7+ 25. Kb2 Bd2 26. Re2 Bc3+ 27.
Kb1 Bxa1 28. Kxa1 g6 29. a3 Rb8 30. Kb2 bxa3+ 31. Kxa3 Rc3 32. Rb2 Rc5 33. Ka4
Rc1 34. Ra2 Rb1 35. Ka5 R1xb3 36. Bd7 Rb2 37. Rxb2 Rxb2 38. Kxa6 Rxf2 39. Kb6
Kf8 0-1

[Event "WCh U20 Girls"]
[Site "Pune"]
[Date "2014.10.17"]
[Round "11"]
[White "Divya, Lakshmi R"]
[Black "Bala, Kannamma.P"]
[Result "1-0"]
[WhiteElo "1905"]
[BlackElo "2023"]
[PlyCount "38"]
[EventDate "2014.10.06"]
[EventType "swiss"]
[EventRounds "13"]
[EventCountry "IND"]

1. e4 c5 2. Nf3 e6 3. d4 cxd4 4. Nxd4 Nf6 5. Nc3 d6 6. Be3 a6 7. f3 Qc7 8. Qd2
Be7 9. O-O-O O-O 10. g4 b5 11. h4 Bb7 12. h5 b4 13. Na4 Nc6 14. g5 Nd7 15. g6
Nxd4 16. Bxd4 Rfc8 17. Bd3 e5 18. Be3 Qa5 19. b3 Nf8 1-0

[Event "WCh U20 Girls"]
[Site "Pune"]
[Date "2014.10.17"]
[Round "11"]
[White "Krumova, Ani"]
[Black "Salonika, Saina"]
[Result "1/2-1/2"]
[WhiteElo "1998"]
[BlackElo "1765"]
[PlyCount "92"]
[EventDate "2014.10.06"]
[EventType "swiss"]
[EventRounds "13"]
[EventCountry "IND"]

1. e4 c5 2. Nc3 Nc6 3. f4 g6 4. Nf3 Bg7 5. g3 e6 6. Bg2 Nge7 7. O-O O-O 8. d3
d5 9. e5 a6 10. Ne2 b5 11. c3 Qc7 12. Be3 Na5 13. Rc1 c4 14. d4 Nac6 15. g4 Bd7
16. Qe1 f5 17. exf6 Bxf6 18. Bf2 Bg7 19. Bh4 Rae8 20. Qg3 Nc8 21. Ne5 Nxe5 22.
dxe5 Na7 23. Qe3 Nc6 24. Nd4 Qa7 25. Rce1 Nxd4 26. cxd4 Kh8 27. Rf3 Rf7 28.
Ref1 Ref8 29. Kh1 Qb6 30. Bh3 a5 31. Be1 Bh6 32. Qf2 Rxf4 33. Rxf4 Rxf4 34. Qh4
Qxd4 35. Bf2 g5 36. Qxh6 Rxf2 37. Qxg5 Rxf1+ 38. Bxf1 Qe4+ 39. Kg1 Qg6 40. Qd8+
Be8 41. h3 a4 42. Qd6 Kg7 43. Be2 Bf7 44. Qd8 h6 45. h4 Kh7 46. a3 Kg7 1/2-1/2

[Event "WCh U20 Girls"]
[Site "Pune"]
[Date "2014.10.17"]
[Round "11"]
[White "Caballero Quijano, Mitzy Mishe"]
[Black "Supriya, Joshi"]
[Result "0-1"]
[WhiteElo "1961"]
[BlackElo "1857"]
[PlyCount "50"]
[EventDate "2014.10.06"]
[EventType "swiss"]
[EventRounds "13"]
[EventCountry "IND"]

1. d4 Nf6 2. Nf3 g6 3. c4 Bg7 4. g3 O-O 5. Bg2 d6 6. O-O c6 7. Nc3 Bf5 8. Nh4
Be6 9. d5 cxd5 10. cxd5 Bd7 11. Be3 Qa5 12. h3 b5 13. a3 Rc8 14. Qd2 Be8 15.
Rfc1 Nbd7 16. Nf3 Nb6 17. b3 Rxc3 18. Ne1 Nfxd5 19. b4 Qa6 20. Bxd5 Nxd5 21.
Qxd5 Rcc8 22. Ra2 Bd7 23. Rac2 Bxh3 24. Rc7 Be6 25. Qf3 Bf8 0-1

[Event "WCh U20 Girls"]
[Site "Pune"]
[Date "2014.10.17"]
[Round "11"]
[White "Chitlange, Sakshi"]
[Black "Sunyasakta, Satpathy"]
[Result "0-1"]
[WhiteElo "1827"]
[BlackElo "1926"]
[PlyCount "100"]
[EventDate "2014.10.06"]
[EventType "swiss"]
[EventRounds "13"]
[EventCountry "IND"]

1. d4 d5 2. c4 c6 3. Nc3 Nf6 4. e3 e6 5. Nf3 Nbd7 6. cxd5 exd5 7. Bd3 Bd6 8.
Qc2 O-O 9. O-O Re8 10. Bd2 Qe7 11. Rfc1 Ne4 12. Be1 Ndf6 13. Na4 Bg4 14. a3 Qe6
15. Nd2 Nxd2 16. Bxd2 Ne4 17. Bb4 Bc7 18. Re1 Qh6 19. f4 g5 20. Bxe4 dxe4 21.
g3 Kh8 22. d5 gxf4 23. exf4 Bxf4 24. gxf4 Rg8 25. Qc3+ f6 26. Qxf6+ Qxf6 27.
Bc3 Raf8 28. Kf2 cxd5 29. Bxf6+ Rxf6 30. Ke3 Rd8 31. Nc5 Bf3 32. Nxb7 d4+ 33.
Kf2 Rb8 34. Nc5 Rxb2+ 35. Kf1 Rxf4 36. Reb1 Bg4+ 37. Kg1 Rc2 38. Rb8+ Kg7 39.
Rb5 d3 40. Nb3 e3 41. Rb1 d2 42. Nxd2 exd2 43. Rg5+ Kf6 44. Rd5 Be6 45. Rd6 Ke7
46. Rd3 Rg4+ 47. Kf1 Bc4 48. Ke2 Re4+ 49. Kd1 Bxd3 50. Rb7+ Kd6 0-1

[Event "WCh U20 Girls"]
[Site "Pune"]
[Date "2014.10.17"]
[Round "11"]
[White "Anjana Krishna, S."]
[Black "Ananya, Suresh"]
[Result "1/2-1/2"]
[WhiteElo "1889"]
[BlackElo "1853"]
[PlyCount "61"]
[EventDate "2014.10.06"]
[EventType "swiss"]
[EventRounds "13"]
[EventCountry "IND"]

1. e4 c5 2. Nf3 e6 3. c4 a6 4. Nc3 d6 5. d4 cxd4 6. Nxd4 Qc7 7. Be3 Nd7 8. Be2
b6 9. O-O Ngf6 10. Rc1 Bb7 11. f3 Be7 12. Qd2 O-O 13. Rfd1 Rac8 14. Bf1 Qb8 15.
Qf2 Bd8 16. b4 Bc7 17. g3 Rfe8 18. Nb3 Ne5 19. Be2 Ned7 20. Bf1 Ne5 21. Be2
Ned7 22. Bf1 Ne5 23. Be2 Ned7 24. Bf1 Ne5 25. Be2 Ned7 26. Bf1 Ne5 27. Be2 Ned7
28. Bf1 Ne5 29. Be2 Ned7 30. Bf1 Ne5 31. Be2 1/2-1/2

[Event "WCh U20 Girls"]
[Site "Pune"]
[Date "2014.10.17"]
[Round "11"]
[White "Hilmi, Parveen"]
[Black "Terzidaki, Alexandra"]
[Result "1-0"]
[WhiteElo "1757"]
[BlackElo "1902"]
[PlyCount "73"]
[EventDate "2014.10.06"]
[EventType "swiss"]
[EventRounds "13"]
[EventCountry "IND"]

1. e4 e6 2. d4 d5 3. Nd2 Be7 4. Ngf3 Nf6 5. Bd3 c5 6. exd5 Nxd5 7. Nb3 cxd4 8.
Nbxd4 Nd7 9. c3 O-O 10. O-O Qc7 11. Nb5 Qb8 12. Re1 a6 13. Nbd4 Qc7 14. a4 b6
15. Bc2 Re8 16. Nf5 Bf8 17. Qd3 N7f6 18. Ng3 Bb7 19. Nh5 e5 20. Nxf6+ Nxf6 21.
Qe2 Ng4 22. Bxh7+ Kxh7 23. Ng5+ Kg8 24. Qxg4 Qc6 25. f3 Qg6 26. h4 e4 27. h5
Qd6 28. Bf4 Qd3 29. Qf5 Bc5+ 30. Kh1 Qd5 31. Qh7+ Kf8 32. fxe4 Qd7 33. Qh8+ Ke7
34. Qxg7 Rh8 35. Qxf7+ Kd8 36. Rad1 Bd5 37. Rxd5 1-0

[Event "WCh U20 Girls"]
[Site "Pune"]
[Date "2014.10.17"]
[Round "11"]
[White "Mahasweta, Kumar"]
[Black "Samudin, Elina"]
[Result "1/2-1/2"]
[WhiteElo "1847"]
[BlackElo "1623"]
[PlyCount "77"]
[EventDate "2014.10.06"]
[EventType "swiss"]
[EventRounds "13"]
[EventCountry "IND"]

1. e4 c6 2. d4 d5 3. exd5 cxd5 4. Nf3 Nf6 5. h3 Bf5 6. Bb5+ Nc6 7. c3 Qb6 8.
Bd3 Bxd3 9. Qxd3 Qc7 10. O-O e6 11. Re1 Bd6 12. Nbd2 O-O 13. Nf1 Rab8 14. Ne3
b5 15. Ng4 Ne4 16. Ng5 Nxg5 17. Bxg5 b4 18. Qf3 f5 19. Ne5 Bxe5 20. dxe5 bxc3
21. bxc3 Na5 22. Qg3 Nc4 23. Re2 Rb7 24. Rd1 Rfb8 25. Rd3 Rb2 26. Rxb2 Rxb2 27.
Bf4 Rb7 28. Qh4 Qe7 29. Bg5 Qf7 30. Bf4 Qe7 31. Bg5 Qf7 32. Bf4 Qe7 33. Bg5 Qe8
34. Bf4 Kh8 35. Rg3 Rd7 36. Rg5 Kg8 37. Rg3 Rf7 38. Rg5 Rd7 39. Rg3 1/2-1/2

[Event "WCh U20 Girls"]
[Site "Pune"]
[Date "2014.10.17"]
[Round "11"]
[White "Shristi, J. Shetty"]
[Black "Afraoui, Solenn"]
[Result "1/2-1/2"]
[WhiteElo "1907"]
[BlackElo "1989"]
[PlyCount "91"]
[EventDate "2014.10.06"]
[EventType "swiss"]
[EventRounds "13"]
[EventCountry "IND"]

1. e4 c5 2. Nf3 d6 3. d3 g6 4. g3 Bg7 5. Bg2 Nc6 6. O-O e5 7. c3 Nge7 8. a3 O-O
9. b4 b6 10. Bb2 h6 11. b5 Na5 12. Nbd2 Be6 13. Qe2 Rc8 14. Nc4 Nxc4 15. dxc4
f5 16. exf5 Nxf5 17. a4 Qc7 18. g4 Ne7 19. h3 Qd7 20. Rad1 Rcd8 21. Nh2 Rf4 22.
Bc1 Bxc4 23. Qc2 Bxf1 24. Nxf1 Rf7 25. Ne3 Rdf8 26. Rd2 Kh8 27. Nd5 Qe6 28.
Nxe7 Rxe7 29. Bd5 Qf6 30. Be4 h5 31. Rd3 h4 32. c4 Kh7 33. g5 Qe6 34. Re3 Rf4
35. Rc3 Rf8 36. Bd5 Qf5 37. Be4 Qe6 38. Bd5 Qd7 39. Qe4 Ref7 40. Qxh4+ Kg8 41.
Rf3 Qe7 42. Qe4 Kh7 43. Qh4+ Kg8 44. Qe4 Kh7 45. Qh4+ Kg8 46. Qe4 1/2-1/2

[Event "WCh U20 Girls"]
[Site "Pune"]
[Date "2014.10.17"]
[Round "11"]
[White "Bidhar, Rutumbara"]
[Black "Djogteva, Jekaterina"]
[Result "0-1"]
[WhiteElo "1808"]
[BlackElo "1754"]
[PlyCount "86"]
[EventDate "2014.10.06"]
[EventType "swiss"]
[EventRounds "13"]
[EventCountry "IND"]

1. Nf3 c5 2. e4 e6 3. d4 cxd4 4. Nxd4 Nf6 5. Bd3 Nc6 6. Nxc6 bxc6 7. O-O d5 8.
e5 Nd7 9. f4 Be7 10. Kh1 O-O 11. Nd2 Nc5 12. Be2 Qb6 13. b3 a5 14. Ba3 a4 15.
b4 Na6 16. c3 Nc7 17. Rb1 Nb5 18. Bb2 a3 19. Ba1 Rd8 20. Qc2 Ba6 21. Bxb5 Bxb5
22. Rf3 Qa6 23. Nb3 Rac8 24. Nd4 Bc4 25. f5 exf5 26. Qxf5 Rf8 27. Rh3 h6 28.
Qc2 c5 29. b5 Qg6 30. Nf5 Bg5 31. Rg3 Qh5 32. Kg1 g6 33. Nd6 Rcd8 34. Rf3 Rxd6
35. exd6 Re8 36. Qf2 Bh4 37. Qxc5 Qe5 38. g3 Qe4 39. Rbf1 Bxf1 40. Rxf1 Bg5 41.
Rf4 Bxf4 42. gxf4 Qe1+ 43. Kg2 Re2+ 0-1

[Event "WCh U20 Girls"]
[Site "Pune"]
[Date "2014.10.17"]
[Round "11"]
[White "Cuvelier, Annelies"]
[Black "Gagare, Shalmali"]
[Result "0-1"]
[WhiteElo "1619"]
[BlackElo "2088"]
[PlyCount "108"]
[EventDate "2014.10.06"]
[EventType "swiss"]
[EventRounds "13"]
[EventCountry "IND"]

1. e4 d6 2. d4 Nf6 3. Nc3 g6 4. Nf3 Bg7 5. h3 O-O 6. Be3 c6 7. Bd3 Nbd7 8. Qd2
e5 9. O-O-O b5 10. Bh6 exd4 11. Nxd4 Ne5 12. Bxg7 Kxg7 13. f4 Nxd3+ 14. Qxd3 b4
15. Nce2 Qa5 16. Kb1 Ba6 17. Qf3 c5 18. Nb3 Qc7 19. f5 Bxe2 20. Qxe2 Rae8 21.
Nd2 d5 22. fxg6 fxg6 23. Rhf1 Nxe4 24. Nxe4 Rxf1 25. Rxf1 dxe4 26. Qe3 Qd6 27.
a3 a5 28. axb4 axb4 29. Qb3 Qe6 30. Qe3 Qd5 31. g4 Ra8 32. Qb3 Qxb3 33. cxb3
Rd8 34. Kc2 Rd4 35. g5 Rd5 36. h4 h6 37. gxh6+ Kxh6 38. Rf4 Rd4 39. Rg4 e3 40.
Rg5 e2 41. Re5 Rxh4 42. Rxe2 Rh3 43. Re5 Rh5 44. Re2 Rd5 45. Rh2+ Kg7 46. Rf2
g5 47. Rf3 Kg6 48. Rf2 g4 49. Rf1 Kg5 50. Rf2 g3 51. Rf1 Kg4 52. Rf8 g2 53. Rf7
Rg5 54. Rd7 g1=Q 0-1